Accredited residential manager : profile and compensation study

Bibliographic Details
Format: Book
Language:English
Published: Chicago, IIl. : IREM Foundation 1997
Series:IREM Research Study
Subjects:

MARC

LEADER 00000cam a2200000 7i4500
001 0000001591
005 20240924.0
008 991126 ilu a eng
020 |a 0944298893 
040 |a INS   |b eng   |e rda 
090 0 0 |a KF4594   |b .A33 1997 
245 0 0 |a Accredited residential manager :   |b profile and compensation study 
264 1 |a Chicago, IIl. :   |b IREM Foundation   |c 1997 
300 |a 26 pages :   |b illustrations ;   |c 28 cm. 
336 |a text  |2 rdacontent 
337 |a unmediated  |2 rdamedia 
338 |a volume  |2 rdacarrier 
490 0 |a IREM Research Study 
650 0 |a Residential properties 
999 |a 0000007089   |b BOOK   |c Open Shelf   |e Default branch